Why not? how to use everyday ingenuity to solve problems big and small

Na minha lista:
Detalhes bibliográficos
Autor principal: Nalebuff, Barry
Outros Autores: Ayres, Ian
Formato: Livro
Idioma:inglês
Publicado em: Boston Harvard Business School Press 2006
Assuntos:
Tags: Adicionar Tag
Sem tags, seja o primeiro a adicionar uma tag!

MARC

LEADER 00000nam a2200000 4500
001 0143555
005 20240306140047.0
020 |a 978-1-4221-0434-7 
020 |a 1-4221-0434-6 
020 |a 1-59139-153-9 
041 0 |a eng 
044 |a US 
245 1 0 |a Why not?  |b how to use everyday ingenuity to solve problems big and small  |c Barry Nalebuff and Ian Ayres 
264 1 |a Boston  |b Harvard Business School Press  |c 2006 
300 |a xv, 238 s. 
610 2 0 |a riadenie 
610 2 0 |a manažment 
610 2 0 |a rozhodovanie 
610 2 0 |a metódy rozhodovania 
100 1 |a Nalebuff, Barry 
700 1 |a Ayres, Ian